DTM Fahrer 2025 - Statistiken

Allgemein
  • Dieses Quiz wurde 62 mal gespielt
  • Das Durchschnittsergebnis liegt bei 15 aus 24
Antwortstatistiken
Team Nummer Marke Nation Fahrer % Korrekt
Dörr Motorsport 16 McLaren Deutschland Timo Glock
83%
Manthey-Racing 90 Porsche Türkei Ayhancan Güven
80%
Schubert Motorsport 11 BMW Deutschland Marco Wittmann
80%
Team Abt Sportsline 1 Lamborghini Italien Mirko Bortolotti
80%
WINWARD Racing 24 Mercedes Deutschland Maro Engel
78%
Dörr Motorsport 25 McLaren Deutschland Ben Dörr
76%
Schubert Motorsport 33 BMW Deutschland Rene Rast
76%
Manthey-Racing 91 Porsche Österreich Thomas Preining
76%
Landgraf Motorsport 22 Mercedes Österreich Lucas Auer
68%
Haupt Racing Team 36 Ford Indien Arjun Maini
66%
Team Abt Sportsline 2 Lamborghini Dänemark Nicki Thiim
66%
Land Motorsport 29 Audi Schweiz Ricardo Feller
66%
Emil Frey Racing 69 Ferrari Niederlande Thierry Vermeulen
66%
Grasser Racing Team 63 Lamborghini Südafrika Jordan Pepper
63%
Emil Frey Racing 14 Ferrari Großbritannien Jack Aitken
61%
Landgraf Motorsport 84 Mercedes Deutschland Tom Kalender
61%
Emil Frey Racing 10 Ferrari Großbritannien Ben Green
56%
Paul Motorsport 71 Lamborghini Deutschland Maximilian Paul
56%
Grasser Racing Team 19 Lamborghini Deutschland Luca Engstler
54%
WINWARD Racing 48 Mercedes Andorra Jules Gounon
51%
Manthey-Racing 92 Porsche Niederlande Morris Schuring
51%
Comtoyou Racing 008 Aston Martin Belgien Nicholas Baert
44%
Haupt Racing Team(15) 64 Ford Schweiz Fabio Scherer
41%
Comtoyou Racing 007 Aston Martin Belgien Gilles Magnus
39%
Keine übereinstimmenden Quizze gefunden
Verteilung der Resultate
Anzahl Personen mit jedem Resultat
Perzentil nach korrekt beantworteten Fragen
Ihre Resultats-Entwicklung
Sie haben dieses Quiz noch nicht gespielt